000 01057nam2a22002291 4500
001 rc\1164042
005 20250622214121.0
035 _a(NLR Aleph) 006431356
090 _a5550923
_c5550923
100 _a20041129d1980 |||y0rusy50 ca
101 0 _arus
102 _aRU
105 _ay |||||||||
200 0 _aВып. 1
210 _d1980
_aБ. м.
215 _a183 с.
461 0 _1001rc\1164041
_12001#$aПрактикум по новейшей истории (1917-1945)$eДля студентов-заочников IV-V курсов ист. фак. пед. ин-тов$e[В 2 вып.]$vВып. 1
_1700#1$aСтегарь$bС.А.$gСергей Авксентьевич
_95550916
_aСтегарь, С.А.
_cМ.
_d1980
_nПросвещение
_oДля студентов-заочников IV-V курсов ист. фак. пед. ин-тов : [В 2 вып.]
_tПрактикум по новейшей истории (1917-1945)
_vВып. 1
801 0 _aRU
_bNLR
_gpsbo
801 1 _aRU
_bELAR
_2rusmarc
852 _aNLR
_j80-3/7384
942 _cBOOK
980 _aNB